000
00257nam a2200097Ia 4500
001
706144
005
20250826162443.0
008
250824s9999 xx 000 0 und d
245
0
_a
NİYAZİ-İ MISRI NİN HATIRALARI
_c
HALİL ÇEÇEN
260
_b
DERGAH YAYINLARI
999
_c
706144
_d
706144